Peso Pluma Charting Songs (Billboard Hot 100) - Statistics

General Stats
  • This quiz has been taken 319 times
    7 since last reset
  • The average score is 9 of 39
Answer Stats
Album Weeks On Peak Artist(s) Song % Correct
Non-Album Single 20 Weeks #37 Gabito Ballesteros, Peso Pluma & Natanael Cano Amg
100%
Éxodo 14 Weeks #53 Peso Pluma & Anitta Bellakeo
100%
DINASTÌA 3 Weeks #52 Peso Pluma & Tito Double P dopamina
100%
Desvelado 23 Weeks #4 Eslabon Armado & Peso Pluma Ella Baila Sola
100%
Genesis 5 Weeks #30 Peso Pluma & Junior H. Luna
100%
DINASTÌA 1 Week #76 Peso Pluma & Tito Double P ni pedo
100%
DINASTÌA 9 Weeks #75 Peso Pluma & Tito Double P dano
50%
Pa Que Hablen 6 Weeks #80 Fuerza Regida & Peso Pluma Igualito A Mi Apa
50%
Genesis 20 Weeks #35 Peso Pluma, Gabito Ballesteros & Junior H. Lady Gaga
50%
Non-Album Single 6 Weeks #83 Neton Vega & Peso Pluma Morena
50%
Éxodo 1 Week #91 Peso Pluma, Natanael Cano & Gabito Ballesteros Vino Tinto
50%
DINASTÌA 1 Week #79 Peso Pluma & Tito Double P bckpckbyz
0%
Non-Album Single 4 Weeks #60 Peso Pluma, Jasiel Nunez & Junior H. Bipolar
0%
Genesis 10 Weeks #48 Peso Pluma Bye
0%
Non-Album Single 10 Weeks #31 Bizarrap & Peso Pluma BZRP Music Sessions Vol. 55
0%
Non-Album Single 10 Weeks #55 Becky G & Peso Pluma Chanel
0%
INCÓMODO 20 Weeks #51 Tito Double P & Peso Pluma Dos Dias
0%
DEPR</3$$ED MFKZ 1 Week #100 Junior H., Gael Valenzuela & Peso Pluma DROGA LATEL
0%
Non-Album Single 16 Weeks #55 Junior H. & Peso Pluma El Azul
0%
Orquídeas 10 Weeks #22 Kali Uchis & Peso Pluma Igual Que Un Angel
0%
LPM 23 Weeks #11 Yng Lvcas & Peso Pluma La Bebe
0%
Éxodo 1 Week #75 Peso Pluma, Junior H. & Eslabon Armado La Durango
0%
Genesis 9 Weeks #77 Peso Pluma & Jasiel Nunez Lagunas
0%
Non-Album Single 1 Week #92 Christian Nodal & Peso Pluma La Intencion
0%
Éxodo 18 Weeks #47 Peso Pluma & Neton Vega La Patrulla
0%
Éxodo 2 Weeks #69 Peso Pluma, Tito Double P & Joel De La P La People II
0%
BULLY 1 Week #82 Kanye West ft. Peso Pluma LAST BREATH
0%
Genesis 1 Week #86 Peso Pluma Nueva Vida
0%
Non-Album Single 2 Weeks #68 El Alfa & Peso Pluma PLEBADA
0%
Non-Album Single 20 Weeks #28 Peso Pluma Por Las Noches
0%
Genesis (Deluxe Edition) 20 Weeks #33 Peso Pluma & Natanael Cano PRC
0%
Mañana Será Bonito (Bichota Season) 21 Weeks #28 Karol G & Peso Pluma Qlona
0%
Non-Album Single 1 Week #92 Ryan Castro, Peso Pluma & SOG QUEMA
0%
Éxodo 1 Week #69 Peso Pluma & Ivan Cornejo Reloj
0%
Éxodo 2 Weeks #81 Peso Pluma, Junior H. & Oscar Maydon Rompe La Dompe
0%
Genesis 1 Week #93 Peso Pluma & Jasiel Nunez Rosa Pastel
0%
Genesis 12 Weeks #63 Peso Pluma Rubicon
0%
Genesis (Deluxe Edition) 14 Weeks #43 Peso Pluma & Grupo Frontera Tulum
0%
Genesis 1 Week #54 Peso Pluma, Edgardo Nunez & Los Dareyes De La Sierra VVS
0%
No matching quizzes found
Score Distribution
Percent of People with Each Score
Percentile by Number Answered
Your Score History
You have not taken this quiz since the last reset